Lo que cuentan los onas

Saved in:
Bibliografiske detaljer
Hovedforfatter: Palermo, Miguel Ángel (autor)
Andre forfattere: Rojas, María (ilustraciones)
Format: Bog
Sprog:spansk
Udgivet: Buenos Aires Canela 1999
Udgivelse:3a. ed
Fag:
Tags: Tilføj Tag
Ingen Tags, Vær først til at tagge denne postø!

MARC

LEADER 00000nam a2200000 a 4500
001 UCK6604
003 CL-VaPUC
005 20250128124138.0
008 051007e19990600AG |||||||||||||||||spa|d
999 |c 314877  |d 314875 
020 |a 9500712601 
040 |c Pontificia Universidad Católica de Valparaíso 
082 0 4 |a 305.8  |b PAL  |2 21 
100 |a Palermo, Miguel Ángel  |e autor  |9 496046 
245 1 3 |a Lo que cuentan los onas 
250 |a 3a. ed 
260 |a Buenos Aires  |b Canela  |c 1999 
300 |a 61 p 
583 |a last modification  |c 20051007 00:00:00  |k Rodrigo Vera 
650 7 |a COSMOVISION  |2 CL-VaPUC  |9 466516 
650 0 |a Onas   |9 409869 
650 7 |a CUENTOS FOLKLORICOS  |2 CL-VaPUC  |9 312348 
650 0 |a Costumbres y tradiciones   |9 268292 
651 7 |a CHILE  |2 CL-VaPUC  |9 496047 
651 0 |a Argentina  |9 254888 
700 |a Rojas, María  |e ilustraciones  |9 880030 
942 |c BK  |2 ddc 
945 |d 20051007 00:00:00  |a castudil 
952 |0 0  |1 0  |4 0  |6 305_800000000000000_PAL_1999  |7 0  |8 X  |9 387664  |a FDOMLP  |b FDOMLP  |d 2019-11-22  |i 4110692  |o 305.8 PAL 1999  |p 4110692  |r 2019-11-22  |w 2019-11-22  |y BK_X  |k BU2